Group focus on sustainability. (Record no. 61043)
[ view plain ]
| 000 -LEADER | |
|---|---|
| fixed length control field | 01004cam a2200193 4500 |
| 001 - CONTROL NUMBER | |
| control field | WB3524-04 |
| 008 - FIXED-LENGTH DATA ELEMENTS--GENERAL INFORMATION | |
| fixed length control field | 000000n1999 000 0 eng u |
| 035 ## - SYSTEM CONTROL NUMBER | |
| System control number | (Sirsi) u101949 |
| 245 ## - TITLE STATEMENT | |
| Title | Group focus on sustainability. |
| 260 ## - PUBLICATION, DISTRIBUTION, ETC. | |
| Date of publication, distribution, etc. | 1999 |
| 490 ## - SERIES STATEMENT | |
| Series statement | Contract Journal |
| Volume/sequential designation | 399(6231) 23 June 1999, 4 |
| 490 ## - SERIES STATEMENT | |
| Series statement | Construction News |
| Volume/sequential designation | (6621) 24 June 1999, 4(2) |
| 520 ## - SUMMARY, ETC. | |
| Summary, etc. | The Sustainable Construction Focus Group has met at the start of its 12 month action plan, which has three aims: to pool information from current sustainability initiatives in construction; to act as and interface between these initiatives and the Movement for Innovation's demonstration projects; and to explore the root cause of the 'vicious circle' whereby all members of the construction supply chain blame each other for not encouraging sustainable development. |
| 650 ## - SUBJECT ADDED ENTRY--TOPICAL TERM | |
| Topical term or geographic name entry element | SUSTAINABLE DEVELOPMENT |
| 650 ## - SUBJECT ADDED ENTRY--TOPICAL TERM | |
| Topical term or geographic name entry element | CONSTRUCTION INDUSTRY |
| 650 ## - SUBJECT ADDED ENTRY--TOPICAL TERM | |
| Topical term or geographic name entry element | SUPPLY CHAIN MANAGEMENT |
| 690 ## - LOCAL SUBJECT ADDED ENTRY--TOPICAL TERM (OCLC, RLIN) | |
| Topical term or geographic name as entry element | BUILT ENVIRONMENT |
| 942 ## - ADDED ENTRY ELEMENTS (KOHA) | |
| Suppress in OPAC | 0 |
| Withdrawn status | Lost status | Source of classification or shelving scheme | Damaged status | Not for loan | Home library | Current library | Shelving location | Date acquired | Total Checkouts | Full call number | Barcode | Date last seen | Copy number | Price effective from | Koha item type |
|---|---|---|---|---|---|---|---|---|---|---|---|---|---|---|---|
| Dewey Decimal Classification | London | London | News article | 12/11/1999 | WB3524-04 | 101949-1001 | 06/08/2019 | 1 | 06/08/2019 | News article |